000 01938cam a22002054a 4500
005 20250605163359.0
008 250528s ||||||||||||||||||||||||d
035 _a17973
020 _a9789602189283
040 _aGR-AtMCL
_bgre
_dGR-AtMCL
_eAACR2
245 1 _aΣχεσιακές Βάσεις Δεδομένων / 2η Έκδοση
250 _a
260 _bΚριτική,
_c2015
300 _a624
520 _aΤο παρόν βιβλίο πραγματεύεται τις έννοιες των σχεσιακών βάσεων δεδομένων, αναλύει τις θεωρητικές και πρακτικές προσεγγίσεις που έχουν προταθεί για το σχεδιασμό τους και παρουσιάζει δημοφιλή λογισμικά περιβάλλοντα που έχουν αναπτυχθεί για την υλοποίηση και τη χρήση τους. Πρόλογος, Το Θεωρητικό Υπόβαθρο, Εισαγωγή, Το Διάγραμμα Οντοτήτων και Συσχετίσεων, Το Εκτεταμένο Διάγραμμα Οντοτήτων και Συσχετίσεων, Το Σχεσιακό Μοντέλο, Μετατροπή Δ.Ο.Σ. και Ε.Δ.Ο.Σ. σε Σχεσιακή Βάση Δεδομένων, Εισαγωγή στη Γλώσσα SQL, Ειδικά Θέματα στη SQL, Κανονικοποίηση, Δημοφιλή Συστήματα Λογισμικού, Εισαγωγή στην Access, Εισαγωγή στην Base, Εισαγωγή στην PhpMyAdmin, Εργαστηριακά Μαθήματα, Οργάνωση του Γ' Μέρους του Βιβλίου, Εργαστηριακά Μαθήματα στην Access, Εργαστηριακά Μαθήματα στην Base, Βιβλιογραφία.
700 1 _aΚεχρής Ευάγγελος
942 _cBK
999 _c3367
_d3367